000 00383nam a22001217a 4500
008 230626b xxu||||| |||| 00| 0 eng d
082 _a333.38
_bBLU
100 _cSir Michael Blundell
245 _aAfrican Land Development in Kenya
_b1946-1962
260 _aNairobi, Kenya
_bThe Ministry of Agriculture, Animal Husbandry and Water Resources,
_c1962
300 _a312p
942 _2ddc
_cBK
999 _c2701
_d2701